| 000 | 00567nam a22001937a 4500 | ||
|---|---|---|---|
| 003 | 330010 | ||
| 005 | 20251222143220.0 | ||
| 008 | 241008b sa ||||| |||| 00| 0 eng d | ||
| 020 |
_a9781869221805 _qpbk |
||
| 040 | _c3228 | ||
| 041 | _2E | ||
| 082 | _a658.3 OPTI | ||
| 245 |
_aOptising Talent In Organisations : _bArticles From The Human Capital Review |
||
| 250 | _a1st Ed. | ||
| 260 |
_aRandburg _bKnowres Publishing (Pty) Ltd _c2012 |
||
| 300 |
_aiii, 190 Pages _c21 cm |
||
| 942 |
_w1267 _xNontokozo Mazibuko _y190 _zDudu Mondlane |
||
| 942 |
_2ddc _cBOOK |
||
| 999 |
_c768606 _d768605 |
||